[Event "Scarborough CC Ridout"]
[Site "Toronto CAN"]
[Date "2019.09.19"]
[Round "2.1"]
[White "Southam, David"]
[Black "Mao, Fengxi"]
[Result "1-0"]
[WhiteElo "2164"]
[BlackElo "2146"]
[PlyCount "87"]
[EventDate "2019.09.12"]
[EventType "swiss"]
[EventRounds "7"]
[EventCountry "CAN"]

1. d4 Nf6 2. Nf3 d5 3. e3 c5 4. c3 e6 5. Nbd2 Nbd7 6. Bd3 Be7 7. O-O O-O 8. Re1
b6 9. e4 dxe4 10. Nxe4 Bb7 11. Qe2 Nxe4 12. Bxe4 Bxe4 13. Qxe4 Nf6 14. Qe2 Qc7
15. Bg5 h6 16. Bh4 Nd5 17. Bg3 Bd6 18. dxc5 Qxc5 19. Bxd6 Qxd6 20. Rad1 Qc7 21.
c4 Ne7 22. b3 Rad8 23. Nd4 a6 24. Rd2 Rd6 25. Red1 Rfd8 26. g3 Nc6 27. Nxc6
Qxc6 28. Rxd6 Rxd6 29. Rxd6 Qxd6 30. Qe4 a5 31. Qe3 Kf8 32. Kf1 Ke7 33. Ke2 e5
34. f4 Ke6 35. Kf3 f5 36. fxe5 Qc5 37. h4 Qxe3+ 38. Kxe3 Kxe5 39. h5 Kf6 40. a3
g5 41. hxg6 Kxg6 42. b4 Kf6 43. c5 axb4 44. cxb6 1-0

[Event "Scarborough CC Ridout"]
[Site "Toronto CAN"]
[Date "2019.09.19"]
[Round "2.2"]
[White "Xie, Austin"]
[Black "Zhao, Jeffrey R"]
[Result "0-1"]
[WhiteElo "1965"]
[BlackElo "2149"]
[PlyCount "56"]
[EventDate "2019.09.12"]
[EventType "swiss"]
[EventRounds "7"]
[EventCountry "CAN"]

1. e4 c5 2. Nc3 a6 3. g3 b5 4. Bg2 Bb7 5. d3 e6 6. f4 d5 7. Nf3 b4 8. Ne2 Be7
9. exd5 exd5 10. O-O Nc6 11. d4 c4 12. Ne5 Nf6 13. Be3 Qc7 14. c3 a5 15. b3
cxb3 16. axb3 O-O 17. c4 dxc4 18. Nxc4 Ng4 19. d5 Nxe3 20. Nxe3 Bc5 21. Rf3
Rfe8 22. dxc6 Bxc6 23. Rf1 Rxe3 24. Nd4 Bxg2 25. Kxg2 Rd8 26. Rc1 Qb7+ 27. Rf3
Rxd4 28. Rxc5 Rxd1 0-1

[Event "Scarborough CC Ridout"]
[Site "Toronto CAN"]
[Date "2019.09.19"]
[Round "2.4"]
[White "Xiao, Edward"]
[Black "Sharpe, Sam"]
[Result "1/2-1/2"]
[WhiteElo "1834"]
[BlackElo "1954"]
[PlyCount "79"]
[EventDate "2019.09.12"]
[EventType "swiss"]
[EventRounds "7"]
[EventCountry "CAN"]

1. d4 d5 2. c4 c6 3. e3 Nf6 4. Nc3 e6 5. Nf3 Nbd7 6. Bd3 Bd6 7. O-O O-O 8. e4
e5 9. exd5 cxd5 10. cxd5 a6 11. Re1 exd4 12. Nxd4 Qc7 13. Nf3 Ne5 14. h3 Nxd3
15. Qxd3 h6 16. Ne4 Nxe4 17. Qxe4 b5 18. Bd2 Bb7 19. Rac1 Qd7 20. Qd4 Be7 21.
Rxe7 Qxe7 22. Bb4 Qd7 23. Bxf8 Rxf8 24. Rd1 Rd8 25. Qc5 Bxd5 26. Ne5 Qe6 27.
Nc6 Rd7 28. Rxd5 Rxd5 29. Qxd5 Qe1+ 30. Kh2 Qxf2 31. Qd8+ Kh7 32. Ne7 Qf4+ 33.
Kg1 Qc1+ 34. Kf2 Qxb2+ 35. Kf3 Qc3+ 36. Ke2 Qc2+ 37. Kf3 Qc3+ 38. Ke2 Qc2+ 39.
Kf3 Qc3+ 40. Ke2 1/2-1/2

[Event "Scarborough CC Ridout"]
[Site "Toronto CAN"]
[Date "2019.09.19"]
[Round "2.5"]
[White "Jacobs, Michael"]
[Black "Jeyakumar, Bhavatharshan"]
[Result "0-1"]
[WhiteElo "1766"]
[BlackElo "1818"]
[PlyCount "70"]
[EventDate "2019.09.12"]
[EventType "swiss"]
[EventRounds "7"]
[EventCountry "CAN"]

1. e4 c5 2. Nf3 e6 3. d4 cxd4 4. Nxd4 Nc6 5. Nxc6 bxc6 6. Nc3 d5 7. exd5 cxd5
8. Bf4 Nf6 9. Nb5 Bb4+ 10. c3 Ba5 11. Nd6+ Ke7 12. Bb5 Bd7 13. Qa4 Bxb5 14.
Qxb5 Qb6 15. Qe2 Rhd8 16. b4 Qc6 17. O-O Bc7 18. b5 Qd7 19. Nf5+ Kf8 20. Bxc7
Qxc7 21. Nd4 Ne4 22. Nc6 Nxc3 23. Qd3 d4 24. Qxh7 f6 25. Nxd8 Rxd8 26. Qd3 e5
27. f3 Rd5 28. a4 Rc5 29. Kh1 Nd5 30. Qd2 Rc2 31. Qd3 Nf4 32. Qa3+ Ke8 33. g3
Rxh2+ 34. Kg1 Qc2 35. Qa2 Nh3# 0-1

[Event "Scarborough CC Ridout"]
[Site "Toronto CAN"]
[Date "2019.09.19"]
[Round "2.7"]
[White "De Costa, Alex"]
[Black "Liu, Harry"]
[Result "1-0"]
[WhiteElo "1801"]
[BlackElo "1714"]
[PlyCount "69"]
[EventDate "2019.09.12"]
[EventType "swiss"]
[EventRounds "7"]
[EventCountry "CAN"]

1. e4 c5 2. Nf3 Nc6 3. Bb5 g6 4. O-O Bg7 5. c3 d6 6. Re1 Nh6 7. d4 cxd4 8. cxd4
O-O 9. d5 Nb8 10. Nc3 Bg4 11. h3 Bxf3 12. Qxf3 a6 13. Bf1 Nd7 14. Be3 b5 15.
Qd1 Kh8 16. a4 b4 17. Ne2 Nc5 18. Nd4 Ng8 19. Nc6 Qd7 20. Bd4 Nf6 21. Qc2 b3
22. Qc3 Rac8 23. Bc4 Ne8 24. Bxg7+ Nxg7 25. Bxb3 Nxb3 26. Qxb3 Rc7 27. Qc3 Rfc8
28. b4 Rxc6 29. dxc6 Rxc6 30. Qe3 Rc4 31. b5 axb5 32. axb5 Qxb5 33. Ra8+ Ne8
34. Qd3 Qc6 35. Qd5 1-0

[Event "Scarborough CC Ridout"]
[Site "Toronto CAN"]
[Date "2019.09.26"]
[Round "3.1"]
[White "Jeyakumar, Bhavatharshan"]
[Black "Southam, David"]
[Result "0-1"]
[WhiteElo "1818"]
[BlackElo "2164"]
[PlyCount "88"]
[EventDate "2019.09.12"]
[EventType "swiss"]
[EventRounds "7"]
[EventCountry "CAN"]

1. e4 e6 2. d4 d5 3. Nd2 c5 4. c3 cxd4 5. cxd4 dxe4 6. Nxe4 Nf6 7. Bg5 Be7 8.
Bxf6 Bxf6 9. Bb5+ Bd7 10. Nd6+ Ke7 11. Nxb7 Qb6 12. Bxd7 Nxd7 13. Qb3 Qxb3 14.
axb3 Bxd4 15. Ne2 Bxb2 16. Ra2 Bf6 17. O-O Rhc8 18. Nf4 Rc7 19. Na5 Nb6 20. Nd3
Nd5 21. Nc4 Rb8 22. Ra3 Nb4 23. Nde5 Rb5 24. f4 a6 25. Rf3 Nc6 26. Rd3 Bxe5 27.
fxe5 Nxe5 28. Nxe5 Rxe5 29. Rxa6 Re2 30. Ra1 h5 31. Rad1 h4 32. R3d2 Rxd2 33.
Rxd2 Rc1+ 34. Kf2 Rb1 35. Rd3 g5 36. Kf3 f5 37. h3 Rb2 38. Rc3 Kf6 39. Re3 e5
40. Rc3 e4+ 41. Ke3 Rxg2 42. Rc6+ Ke5 43. Rc5+ Ke6 44. Rc6+ Kd5 0-1

[Event "Scarborough CC Ridout"]
[Site "Toronto CAN"]
[Date "2019.09.26"]
[Round "3.2"]
[White "Mao, Fengxi"]
[Black "Palacios, Bobby"]
[Result "1-0"]
[WhiteElo "2146"]
[BlackElo "2056"]
[PlyCount "109"]
[EventDate "2019.09.12"]
[EventType "swiss"]
[EventRounds "7"]
[EventCountry "CAN"]

1. Na3 Nf6 2. g3 d5 3. Bg2 c6 4. Nf3 Bg4 5. c4 e6 6. Qb3 Qc7 7. d4 Nbd7 8. Bf4
Qa5+ 9. Bd2 Qb6 10. O-O Be7 11. Nc2 O-O 12. Qxb6 Nxb6 13. cxd5 cxd5 14. Bb4
Bxb4 15. Nxb4 Rac8 16. Rfc1 Nfd7 17. h3 Bxf3 18. Bxf3 Nc4 19. b3 Nd6 20. Bg2
Nf6 21. g4 h5 22. f3 hxg4 23. hxg4 g5 24. a4 Kg7 25. e3 Ng8 26. e4 dxe4 27.
fxe4 Rxc1+ 28. Rxc1 Rc8 29. Rc5 b6 30. Rxg5+ Kf6 31. Rh5 Ke7 32. e5 Rc1+ 33.
Kh2 Ne8 34. Nc6+ Kf8 35. Nxa7 Rc3 36. Rh3 Rc2 37. Nb5 Kg7 38. Rc3 Rd2 39. Rc8
Nh6 40. Rxe8 Nxg4+ 41. Kg3 Ne3 42. Be4 Nf1+ 43. Kg4 Nh2+ 44. Kh3 Nf1 45. Re7
Rh2+ 46. Kg4 Ne3+ 47. Kf4 Nf1 48. Nd6 Rf2+ 49. Bf3 Nd2 50. Rxf7+ Kg8 51. Ke3
Rh2 52. Bg4 Nxb3 53. Bxe6 Nc5 54. dxc5 bxc5 55. Rf2+ 1-0

[Event "Scarborough CC Ridout"]
[Site "Toronto CAN"]
[Date "2019.09.26"]
[Round "3.3"]
[White "Hay, Jonathan"]
[Black "Xiao, Edward"]
[Result "1-0"]
[WhiteElo "2063"]
[BlackElo "1834"]
[PlyCount "57"]
[EventDate "2019.09.12"]
[EventType "swiss"]
[EventRounds "7"]
[EventCountry "CAN"]

1. d4 d5 2. Bf4 Nf6 3. e3 e6 4. Nd2 Bd6 5. Bg3 c5 6. c3 O-O 7. Ngf3 Nc6 8. Bd3
b6 9. e4 Nh5 10. exd5 exd5 11. Ne5 g6 12. Nxc6 Qe8+ 13. Ne5 f6 14. Ndf3 Bg4 15.
Be2 fxe5 16. dxe5 Nxg3 17. hxg3 Bxf3 18. Bxf3 Qxe5+ 19. Kf1 Rf5 20. g4 Rg5 21.
c4 Rf8 22. Qxd5+ Qxd5 23. cxd5 Re5 24. Re1 Rfe8 25. Rxe5 Bxe5 26. b3 Bc3 27.
Be2 Re5 28. Rh3 Kg7 29. Rxc3 1-0

[Event "Scarborough CC Ridout"]
[Site "Toronto CAN"]
[Date "2019.09.26"]
[Round "3.4"]
[White "Sharpe, Sam"]
[Black "De Costa, Alex"]
[Result "1-0"]
[WhiteElo "1954"]
[BlackElo "1801"]
[PlyCount "129"]
[EventDate "2019.09.12"]
[EventType "swiss"]
[EventRounds "7"]
[EventCountry "CAN"]

1. e4 c5 2. Nf3 e6 3. d3 Nc6 4. g3 d5 5. Nbd2 g6 6. Bg2 Nge7 7. O-O Bg7 8. Re1
O-O 9. h4 b5 10. h5 a5 11. e5 b4 12. Nf1 c4 13. h6 Bh8 14. d4 a4 15. g4 f6 16.
c3 fxe5 17. Nxe5 Nxe5 18. dxe5 Nc6 19. f4 a3 20. bxa3 bxc3 21. g5 Qb6+ 22. Kh2
Qf2 23. Ng3 Rxf4 24. Bxf4 Qxf4 25. Bxd5 exd5 26. Qxd5+ Qf7 27. e6 Qe7 28. Qxc6
Bb7 29. Qd7 Qxd7 30. exd7 Bc6 31. Re7 Rd8 32. Rf1 Bxd7 33. Ne2 Bg4 34. Rc1 Bxe2
35. Rxe2 Rd2 36. Rc2 Be5+ 37. Kh3 Bf4 38. Rg2 Rd3+ 39. Kg4 Bd2 40. Rg3 Rd5 41.
Kh4 Kf7 42. Rgxc3 Bxc3 43. Rxc3 Rc5 44. Kg4 Ke6 45. Kf4 Kd5 46. Ke3 Rc7 47. a4
Ke5 48. a5 Kf5 49. Kd4 Kxg5 50. Rxc4 Ra7 51. Ra4 Kxh6 52. Kc5 Kg5 53. Kb6 Rf7
54. Rc4 Rf2 55. a4 h5 56. a6 Rf6+ 57. Kb7 h4 58. a7 Rf7+ 59. Rc7 Rf8 60. a8=Q
Rxa8 61. Kxa8 h3 62. a5 Kg4 63. a6 h2 64. Rh7 Kg3 65. a7 1-0

[Event "Scarborough CC Ridout"]
[Site "Toronto CAN"]
[Date "2019.09.26"]
[Round "3.6"]
[White "Liu, Harry"]
[Black "Manalo, Pepin"]
[Result "0-1"]
[WhiteElo "1714"]
[BlackElo "1949"]
[PlyCount "50"]
[EventDate "2019.09.12"]
[EventType "swiss"]
[EventRounds "7"]
[EventCountry "CAN"]

1. e4 c5 2. Nf3 Nc6 3. Bb5 d6 4. d4 Qa5+ 5. Nc3 cxd4 6. Qxd4 e5 7. Qd3 a6 8.
Bxc6+ bxc6 9. O-O Bg4 10. b3 Be7 11. Rd1 h6 12. Na4 Nf6 13. c4 O-O 14. h3 Bh5
15. Ba3 Rad8 16. Qe3 Bg6 17. c5 Nxe4 18. cxd6 Nxd6 19. Nxe5 Nf5 20. Nxc6 Rxd1+
21. Rxd1 Nxe3 22. fxe3 Qh5 23. Nxe7+ Kh7 24. g4 Qxh3 25. Nxg6 Qxg4+ 0-1

[Event "Scarborough CC Ridout"]
[Site "Toronto CAN"]
[Date "2019.10.03"]
[Round "4.1"]
[White "Southam, David"]
[Black "Zhao, Jeffrey R"]
[Result "1/2-1/2"]
[WhiteElo "2164"]
[BlackElo "2149"]
[PlyCount "141"]
[EventDate "2019.09.12"]
[EventType "swiss"]
[EventRounds "7"]
[EventCountry "CAN"]

1. d4 Nf6 2. c4 g6 3. Nc3 Bg7 4. e4 d6 5. Nf3 O-O 6. Be2 e5 7. Be3 c6 8. Qd2 a5
9. Rd1 Qe7 10. d5 Rd8 11. O-O Na6 12. Ne1 Nc5 13. f3 Bd7 14. dxc6 Bxc6 15. b3
b6 16. Rc1 Rac8 17. Nc2 Nh5 18. Nd5 Bxd5 19. Qxd5 Ne6 20. g3 Rb8 21. Qd2 f5 22.
Rfd1 f4 23. Bf2 Ng5 24. Kg2 fxg3 25. hxg3 Bh6 26. Be3 Kg7 27. Rh1 Nf7 28. Rcd1
Bxe3 29. Nxe3 Kh8 30. Ng4 Ng5 31. Qe3 Ne6 32. Rd2 Nd4 33. Rhd1 Qg7 34. Nf2 Qf6
35. Nd3 Ng7 36. Ne1 Nge6 37. Nc2 Nxc2 38. Rxc2 Nd4 39. Rcd2 Rf8 40. Rd3 Rb7 41.
R1d2 Rbf7 42. Rxd4 exd4 43. Rxd4 Re7 44. Qd2 Rd8 45. Rd5 Re5 46. Rd4 Qe6 47.
Qd3 Rh5 48. g4 Rh4 49. Rd5 Qf6 50. Qd2 Qa1 51. Qd4+ Qxd4 52. Rxd4 g5 53. Rd5 h5
54. Rxg5 hxg4 55. f4 Rg8 56. Rxg8+ Kxg8 57. Kg3 Rh1 58. Bxg4 Ra1 59. c5 bxc5
60. Be6+ Kg7 61. a4 Kg6 62. Kf3 Kh5 63. Ke3 Kh4 64. Kd3 Rc1 65. Bc4 Kg4 66. e5
Kxf4 67. exd6 Rd1+ 68. Kc3 Rxd6 69. Bg8 Rd4 70. Bf7 Ke3 71. Bg8 1/2-1/2

[Event "Scarborough CC Ridout"]
[Site "Toronto CAN"]
[Date "2019.10.03"]
[Round "4.2"]
[White "Manalo, Pepin"]
[Black "Mao, Fengxi"]
[Result "0-1"]
[WhiteElo "1949"]
[BlackElo "2146"]
[PlyCount "64"]
[EventDate "2019.09.12"]
[EventType "swiss"]
[EventRounds "7"]
[EventCountry "CAN"]

1. e4 e6 2. d4 d5 3. e5 c5 4. c3 Nc6 5. Nf3 Bd7 6. a3 f6 7. Bd3 Qc7 8. Qe2 fxe5
9. dxe5 O-O-O 10. O-O c4 11. Bc2 h6 12. Re1 g5 13. b4 cxb3 14. Bxb3 Bg7 15. h3
Nge7 16. Bc2 Be8 17. a4 Bh5 18. Ba3 Nxe5 19. Bxe7 Qxe7 20. Qe3 Nxf3+ 21. gxf3
Kb8 22. Na3 d4 23. Qxe6 Qxe6 24. Rxe6 d3 25. Bd1 Rhe8 26. Rxe8 Rxe8 27. Nb5 d2
28. Kg2 Re1 29. Rb1 Bg6 30. Rb2 Rxd1 31. Nd6 Rg1+ 32. Kxg1 d1=Q+ 0-1

[Event "Scarborough CC Ridout"]
[Site "Toronto CAN"]
[Date "2019.10.03"]
[Round "4.3"]
[White "Huang, Youhe"]
[Black "Sharpe, Sam"]
[Result "1/2-1/2"]
[WhiteElo "2033"]
[BlackElo "1954"]
[PlyCount "58"]
[EventDate "2019.09.12"]
[EventType "swiss"]
[EventRounds "7"]
[EventCountry "CAN"]

1. e4 c5 2. Nf3 d6 3. d4 cxd4 4. Nxd4 Nf6 5. Nc3 a6 6. Bg5 e6 7. f4 b5 8. e5
dxe5 9. fxe5 Qc7 10. exf6 Qe5+ 11. Be2 Qxg5 12. O-O Bb7 13. Bf3 Bxf3 14. Qxf3
Ra7 15. Ne4 Qe5 16. Rad1 Bc5 17. fxg7 Bxd4+ 18. Kh1 Qxg7 19. Nd6+ Kf8 20. Rxd4
Qxd4 21. Nxf7 Ke8 22. c3 Qg7 23. Nxh8 Qxh8 24. Qh5+ Kd8 25. Qc5 Re7 26. Qb6+
Kc8 27. Qc5+ Kd8 28. Qb6+ Kc8 29. Qc5+ Kd8 1/2-1/2

[Event "Scarborough CC Ridout"]
[Site "Toronto CAN"]
[Date "2019.10.03"]
[Round "4.4"]
[White "Xie, Austin"]
[Black "Wu, Benjamin"]
[Result "1-0"]
[WhiteElo "1965"]
[BlackElo "1801"]
[PlyCount "55"]
[EventDate "2019.09.12"]
[EventType "swiss"]
[EventRounds "7"]
[EventCountry "CAN"]

1. e4 c5 2. Nc3 Nc6 3. g3 e6 4. Bg2 a6 5. f4 b5 6. Nf3 Bb7 7. d3 b4 8. Ne2 d5
9. O-O Be7 10. exd5 exd5 11. Re1 Nf6 12. f5 O-O 13. Bg5 h6 14. Bh4 Bc8 15. Nf4
Bxf5 16. Ne5 Nd4 17. c3 bxc3 18. bxc3 Bd6 19. Bxf6 gxf6 20. cxd4 fxe5 21. dxe5
Be7 22. Bxd5 Rb8 23. e6 fxe6 24. Bxe6+ Kh7 25. Qh5 Qd4+ 26. Kh1 Bxd3 27. Nxd3
Qxd3 28. Bd5 1-0

[Event "Scarborough CC Ridout"]
[Site "Toronto CAN"]
[Date "2019.10.03"]
[Round "4.5"]
[White "Leblanc, Miguel"]
[Black "Jeyakumar, Bhavatharshan"]
[Result "0-1"]
[WhiteElo "1758"]
[BlackElo "1818"]
[PlyCount "56"]
[EventDate "2019.09.12"]
[EventType "swiss"]
[EventRounds "7"]
[EventCountry "CAN"]

1. c4 Nf6 2. Nc3 e5 3. e4 Bb4 4. Nge2 c6 5. a3 Bxc3 6. Nxc3 d5 7. exd5 cxd5 8.
d4 exd4 9. Qxd4 Nc6 10. Qh4 d4 11. Ne4 Qe7 12. Bd3 Ne5 13. Nxf6+ gxf6 14. Kd2
Nxd3 15. Kxd3 Bf5+ 16. Kd2 O-O-O 17. Re1 Qd6 18. b4 Rhg8 19. g3 Rg4 20. Qh5 Rg5
21. Qxf7 Qc6 22. Re7 Qf3 23. Rc7+ Kb8 24. Qe7 Qc3+ 25. Ke2 Bd3+ 26. Kd1 Bc2+
27. Ke2 Qd3+ 28. Ke1 Qd1# 0-1

[Event "Scarborough CC Ridout"]
[Site "Toronto CAN"]
[Date "2019.10.03"]
[Round "4.6"]
[White "Tavana, Joseph"]
[Black "Jacobs, Michael"]
[Result "1/2-1/2"]
[WhiteElo "1781"]
[BlackElo "1766"]
[PlyCount "118"]
[EventDate "2019.09.12"]
[EventType "swiss"]
[EventRounds "7"]
[EventCountry "CAN"]

1. d4 d5 2. e3 Nf6 3. Bd3 c6 4. Nf3 Bg4 5. h3 Bh5 6. c4 e6 7. Nc3 Bd6 8. a3
Nbd7 9. cxd5 cxd5 10. Qb3 Bxf3 11. gxf3 e5 12. Nxd5 exd4 13. Nxf6+ Qxf6 14.
Qxb7 Rb8 15. Qe4+ Be7 16. exd4 Qh4 17. b4 O-O 18. Qxh4 Bxh4 19. Be3 Rfe8 20.
Kd2 Nb6 21. Rac1 Nd5 22. Be4 Nf6 23. Kd3 Re6 24. Rc7 Ra6 25. Rc3 g6 26. Rhc1
Kg7 27. R1c2 Nh5 28. Ke2 Bf6 29. Bd3 Re6 30. Kd2 Rd8 31. Rc4 Red6 32. Kc3 Be7
33. Be4 Bf6 34. Rd2 R8d7 35. Kb3 h6 36. Rc6 g5 37. d5 Nf4 38. Rxd6 Rxd6 39. Bf5
a6 40. Bxf4 gxf4 41. Be4 Be5 42. Kc4 Kf6 43. Rc2 Kg5 44. a4 Kh4 45. Bf5 Rf6 46.
Bc8 Bc7 47. b5 a5 48. Kd3 Bb6 49. Rc6 Kg5 50. Rxf6 Kxf6 51. d6 Ke5 52. d7 Kd5
53. Bb7+ Ke5 54. Bc6 Bc7 55. Kc4 Kd6 56. Kd4 f5 57. Kc4 Bb6 58. Kd3 Bc7 59. Kc4
Bb6 1/2-1/2

[Event "Scarborough CC Ridout"]
[Site "Toronto CAN"]
[Date "2019.10.03"]
[Round "4.7"]
[White "Xiao, Edward"]
[Black "Mendoza, Armand Jess"]
[Result "0-1"]
[WhiteElo "1834"]
[BlackElo "1943"]
[PlyCount "80"]
[EventDate "2019.09.12"]
[EventType "swiss"]
[EventRounds "7"]
[EventCountry "CAN"]

1. d4 Nf6 2. c4 e5 3. dxe5 Ng4 4. Nf3 Nc6 5. e3 Bb4+ 6. Bd2 Bxd2+ 7. Nbxd2
Ngxe5 8. Nxe5 Nxe5 9. Nf3 Qe7 10. Nxe5 Qxe5 11. Qd2 Qg5 12. O-O-O O-O 13. Qd5
Qf6 14. Rd2 a5 15. c5 Re8 16. Qd4 Qc6 17. Qd5 Qf6 18. Qd4 Qg6 19. Qf4 Qc6 20.
Bc4 Rf8 21. Rd5 b5 22. cxb6 cxb6 23. Kb1 Ba6 24. Rc1 Qg6+ 25. Rf5 Bxc4 26. Rxc4
Qxg2 27. Rc7 Rac8 28. a3 Rxc7 29. Qxc7 Qe4+ 30. Qc2 Qh1+ 31. Ka2 Qxh2 32. Rb5
Qd6 33. Qb3 Rb8 34. Rd5 Qe6 35. Ka1 Rc8 36. Qd3 Rc1+ 37. Ka2 Rc5 38. e4 h5 39.
Kb1 Rxd5 40. exd5 Qg6 0-1

[Event "Scarborough CC Ridout"]
[Site "Toronto CAN"]
[Date "2019.10.10"]
[Round "5.1"]
[White "Sharpe, Sam"]
[Black "Southam, David"]
[Result "0-1"]
[WhiteElo "1954"]
[BlackElo "2164"]
[PlyCount "84"]
[EventDate "2019.09.12"]
[EventType "swiss"]
[EventRounds "7"]
[EventCountry "CAN"]

1. e4 e6 2. d4 d5 3. Nc3 Bb4 4. e5 c5 5. a3 Bxc3+ 6. bxc3 Ne7 7. Qg4 O-O 8. Bd3
f5 9. exf6 Rxf6 10. Bg5 Rf7 11. Qh4 h6 12. Nf3 Nbc6 13. Bd2 c4 14. Be2 Bd7 15.
O-O Qf8 16. Ne5 Nxe5 17. dxe5 Ng6 18. Qg3 Nf4 19. Bxf4 Rxf4 20. Bf3 Qf5 21.
Rfe1 Rf8 22. Re2 Ba4 23. Rc1 Be8 24. Rd1 Rxf3 25. Qxf3 Qxf3 26. gxf3 Bh5 27.
Rb1 b6 28. a4 Bxf3 29. Re3 Rf5 30. a5 bxa5 31. Ra1 Be4 32. Rxa5 Rf7 33. Rxe4
dxe4 34. Rc5 Rf5 35. Ra5 Rf3 36. Rxa7 Rxc3 37. Re7 Rxc2 38. Rxe6 c3 39. Kf1 e3
40. Rc6 Rxf2+ 41. Ke1 c2 42. e6 Kf8 0-1

[Event "Scarborough CC Ridout"]
[Site "Toronto CAN"]
[Date "2019.10.10"]
[Round "5.2"]
[White "Liu, Harry"]
[Black "Mao, Fengxi"]
[Result "0-1"]
[WhiteElo "1714"]
[BlackElo "2146"]
[PlyCount "60"]
[EventDate "2019.09.12"]
[EventType "swiss"]
[EventRounds "7"]
[EventCountry "CAN"]

1. e4 e6 2. d4 d5 3. Nc3 Bb4 4. Nge2 dxe4 5. a3 Bxc3+ 6. Nxc3 Nc6 7. Be3 f5 8.
Bc4 Nf6 9. Qd2 Ne7 10. O-O-O O-O 11. Bg5 c6 12. f3 exf3 13. gxf3 Ned5 14. Bxd5
cxd5 15. Rde1 Qa5 16. Rhg1 Kh8 17. Qg2 Qc7 18. Nb5 Qd7 19. Nd6 Nh5 20. Nxc8
Raxc8 21. Re5 Rc6 22. Rge1 h6 23. Bh4 Nf4 24. Qd2 Ng6 25. Bg3 f4 26. Bf2 Nxe5
27. dxe5 Rfc8 28. c3 Rc4 29. Bxa7 Qa4 30. Bd4 Rxd4 0-1

[Event "Scarborough CC Ridout"]
[Site "Toronto CAN"]
[Date "2019.10.10"]
[Round "5.3"]
[White "Jeyakumar, Bhavatharshan"]
[Black "Xie, Austin"]
[Result "1-0"]
[WhiteElo "1818"]
[BlackElo "1965"]
[PlyCount "113"]
[EventDate "2019.09.12"]
[EventType "swiss"]
[EventRounds "7"]
[EventCountry "CAN"]

1. e4 e6 2. d4 d5 3. Nd2 c5 4. c3 Nf6 5. e5 Nfd7 6. Ndf3 Nc6 7. Bd3 Be7 8. Ne2
O-O 9. O-O f6 10. Nf4 Nb6 11. Qc2 f5 12. Be3 c4 13. Be2 Qe8 14. h4 Bd7 15. Rae1
Nc8 16. Bd2 b5 17. Bd1 a5 18. Re3 b4 19. Ng5 Bd8 20. Rg3 a4 21. Bh5 g6 22. Nxh7
Bxh4 23. Rxg6+ Kxh7 24. Rh6+ Kxh6 25. Bxe8 Rxe8 26. Qd1 Kg7 27. Qh5 Rh8 28.
Qg6+ Kf8 29. Nh5 Ke7 30. Qg7+ Kd8 31. Qxh8+ Kc7 32. Ng7 Be7 33. Qg8 Nd8 34.
cxb4 a3 35. Rb1 axb2 36. Rxb2 Ra3 37. Rc2 Ba4 38. Rc1 Rxa2 39. Bc3 Bd7 40. Ra1
Rxa1+ 41. Bxa1 Bxb4 42. Bb2 Bd2 43. Qf8 Nb7 44. Qa3 Nb6 45. Bc1 c3 46. f3 Nc4
47. Qa1 Nba5 48. Qb1 Be3+ 49. Bxe3 Nxe3 50. Qc1 Nac4 51. Qxc3 Nd1 52. Qb4 Kd8
53. Qf8+ Kc7 54. Qe7 Nc3 55. Nxe6+ Kc6 56. Nd8+ Kc7 57. e6 1-0

[Event "Scarborough CC Ridout"]
[Site "Toronto CAN"]
[Date "2019.10.10"]
[Round "5.4"]
[White "Huang, Youhe"]
[Black "Hay, Jonathan"]
[Result "1-0"]
[WhiteElo "2033"]
[BlackElo "2063"]
[PlyCount "99"]
[EventDate "2019.09.12"]
[EventType "swiss"]
[EventRounds "7"]
[EventCountry "CAN"]

1. c4 c6 2. d4 d5 3. Nc3 Nf6 4. Nf3 dxc4 5. a4 e6 6. e3 c5 7. Bxc4 Nc6 8. O-O
cxd4 9. exd4 Be7 10. Be3 O-O 11. Qe2 Nb4 12. Rac1 b6 13. Ne5 Bb7 14. Na2 Rc8
15. Nxb4 Bxb4 16. Bg5 Qxd4 17. Rfd1 Qe4 18. Qxe4 Nxe4 19. Bh4 g5 20. f3 Bc5+
21. Kh1 gxh4 22. fxe4 Bxe4 23. Nd7 Bc6 24. Nxf8 h3 25. Bf1 Kxf8 26. Rd3 hxg2+
27. Bxg2 Bxg2+ 28. Kxg2 a5 29. Rd7 Kg7 30. Rc4 Rf8 31. Rg4+ Kf6 32. Rf4+ Kg6
33. Rg4+ Kf6 34. Kf3 e5 35. Rh4 Kg6 36. Ke4 Bd4 37. Rd6+ f6 38. Rg4+ Kf7 39.
Kf5 Ke7 40. Re6+ Kd8 41. Rg7 h6 42. Ree7 Kc8 43. b3 Bc5 44. Re6 Bd4 45. Rh7 Be3
46. h4 Kb8 47. Rxf6 Re8 48. Ke4 Bf4 49. Rxb6+ Kc8 50. Ra6 1-0

[Event "Scarborough CC Ridout"]
[Site "Toronto CAN"]
[Date "2019.10.10"]
[Round "5.5"]
[White "De Costa, Alex"]
[Black "Tavana, Joseph"]
[Result "1-0"]
[WhiteElo "1801"]
[BlackElo "1781"]
[PlyCount "137"]
[EventDate "2019.09.12"]
[EventType "swiss"]
[EventRounds "7"]
[EventCountry "CAN"]

1. e4 c5 2. Nf3 g6 3. c3 d5 4. exd5 Qxd5 5. d4 Nc6 6. Be2 cxd4 7. cxd4 Bg7 8.
Nc3 Qa5 9. d5 Ne5 10. Nxe5 Bxe5 11. Bb5+ Kf8 12. Qb3 a6 13. Bc4 b5 14. Bd3 b4
15. Ne4 Bb7 16. Bc4 Rd8 17. Bd2 Qc7 18. Bxb4 Nf6 19. Nxf6 Bxf6 20. O-O Kg7 21.
Bc3 Bxc3 22. Qxc3+ f6 23. Rad1 Rc8 24. Qe3 Rhe8 25. Bb3 Qd6 26. Rfe1 Rc7 27.
Qe6 Qxe6 28. Rxe6 Rd8 29. d6 exd6 30. Rexd6 Rxd6 31. Rxd6 Rc1+ 32. Rd1 Rc7 33.
f3 Kf8 34. Rd6 f5 35. Re6 a5 36. Kf2 Bc8 37. Re5 Ra7 38. Ba4 Bd7 39. Bxd7 Rxd7
40. Ke3 Ra7 41. Kd4 Rd7+ 42. Kc3 Ra7 43. Kb3 a4+ 44. Kb4 Rd7 45. Re2 Ra7 46.
Ka3 Kf7 47. b3 axb3+ 48. Kxb3 g5 49. a4 h5 50. Kb4 g4 51. a5 f4 52. Kb5 Rb7+
53. Kc6 Rb3 54. Re4 gxf3 55. Rxf4+ Ke6 56. Rxf3 Rb2 57. Rh3 Rxg2 58. Rxh5 Rc2+
59. Kb7 Rb2+ 60. Ka7 Kd6 61. Rh6+ Kc7 62. h4 Rb3 63. a6 Rb2 64. h5 Rh2 65. Rh7+
Kc8 66. Rh8+ Kc7 67. h6 Rh3 68. h7 Rh2 69. Rb8 1-0

[Event "Scarborough CC Ridout"]
[Site "Toronto CAN"]
[Date "2019.10.10"]
[Round "5.6"]
[White "Wu, Benjamin"]
[Black "Cliff, Scott"]
[Result "0-1"]
[WhiteElo "1801"]
[BlackElo "1834"]
[PlyCount "56"]
[EventDate "2019.09.12"]
[EventType "swiss"]
[EventRounds "7"]
[EventCountry "CAN"]

1. e4 c5 2. Nf3 e6 3. d4 cxd4 4. Nxd4 a6 5. Be3 Qc7 6. Bd3 b5 7. O-O Bb7 8. Nd2
Nf6 9. Qe2 d5 10. exd5 Nxd5 11. c4 Nf4 12. Bxf4 Qxf4 13. N4b3 bxc4 14. Nxc4 Nd7
15. Nca5 Bd5 16. Bxa6 Rxa6 17. Qxa6 Bd6 18. f3 Qxh2+ 19. Kf2 O-O 20. Rg1 Ne5
21. Rae1 Nxf3 22. Rh1 Bg3+ 23. Ke3 Qxg2 24. Ref1 Bf4+ 25. Kd3 Ne5+ 26. Kc3 Ra8
27. Qb5 Rc8+ 28. Nc5 Qd2# 0-1

[Event "Scarborough CC Ridout"]
[Site "Toronto CAN"]
[Date "2019.10.10"]
[Round "5.7"]
[White "Jacobs, Michael"]
[Black "Xiao, Edward"]
[Result "1/2-1/2"]
[WhiteElo "1766"]
[BlackElo "1834"]
[PlyCount "69"]
[EventDate "2019.09.12"]
[EventType "swiss"]
[EventRounds "7"]
[EventCountry "CAN"]

1. e4 c5 2. Nf3 d6 3. d4 cxd4 4. Nxd4 Nf6 5. Nc3 a6 6. Bc4 e6 7. Bg5 Be7 8. O-O
O-O 9. Bb3 b5 10. a3 Bb7 11. Re1 Nbd7 12. f4 h6 13. Bh4 Nxe4 14. Bxe7 Nxc3 15.
Bxd8 Nxd1 16. Bc7 Rfc8 17. Bxd6 Nxb2 18. Nxe6 Nc4 19. Bxc4 Rxc4 20. Nc7 Rc8 21.
Re7 Nf6 22. Rc1 Rc6 23. Be5 Rf8 24. Bxf6 gxf6 25. Nd5 Rd6 26. Rxb7 Rxd5 27. Rb6
Kg7 28. Rxa6 Rd4 29. Ra5 b4 30. axb4 Rxb4 31. g3 Rc4 32. Ra2 Kg6 33. Kf2 Kf5
34. Kg2 Kg4 35. h3+ 1/2-1/2